01013nam a2200277Ia 450000500170000000800410001702000180005804000350007604100080011108200180011910000350013724500660017225000230023826400320026130000600029333600270035333700330038033800280041349000830044150000480052465000270057265000460059965000230064565000310066870000360069920220317001950.0200115s2019 ck 000 0 spa d a9789587578836 aCO-BoRNBPbspaerdacCO-BoRNBP0 aspa04a153.35 bZ84c1 aZuleta Triana, Nataliaeautor 13aLa creatividad en 7 verbos cNatalia Zuleta y Catalina Zuleta aEdición especial 1aBogotá bIntermedioc2019 a230 páginas bilustraciones en blanco y negro c23 cm 2rdacontentatextobtxt 2rdamediaasin mediaciónbn 2rdacarrieravolumenbnc0 aPlan Nacional de Lectura y Escritura Leer es mi Cuento / Ministerio de Cultura aIncluye bibliografía al final del texto. 17aAptitud creadora2LEMB17aCreacion literaria, artistica, etc.2LEMB17aInteligencia2LEMB17aPensamiento creativo2LEMB1 aZuleta Triana, Catalinaeautor